| 000 | 00504nam a2200193 a 4500 | ||
|---|---|---|---|
| 001 | 1767515828996 | ||
| 003 | YourLibrary | ||
| 005 | 20260105104359.0 | ||
| 008 | 260104s2009##################000#0#eng## | ||
| 020 | _a9788189988531 | ||
| 082 | 0 | 4 |
_a297.93441 _bKAP |
| 100 | 1 |
_aKapoor, Gopika, _eauthor. |
|
| 245 | 1 | 0 | _aSpiritual Parenting : |
| 260 |
_bSherna Khambatta Literary A, _c2009. |
||
| 300 | _a200 pages | ||
| 650 | 0 | _aParenting. | |
| 942 | _cENGLISH | ||
| 040 |
_aYourLibrary _beng _cYourLibrary |
||
| 999 |
_c607197 _d607197 |
||